Cefalu: roman
Αποθηκεύτηκε σε:
| Κύριος συγγραφέας: | |
|---|---|
| Μορφή: | Βιβλίο |
| Γλώσσα: | Undetermined |
| Έκδοση: |
París, Francia
Buchet - Chastel
1961
|
| Θέματα: | |
| Ετικέτες: |
Προσθήκη ετικέτας
Δεν υπάρχουν, Καταχωρήστε ετικέτα πρώτοι!
|
MARC
| LEADER | 00000nam a2200000Ia 4500 | ||
|---|---|---|---|
| 008 | 170316s9999 xx 000 0 und d | ||
| 040 | |a cru BVZT | ||
| 090 | |a 820 D-13ce | ||
| 100 | |a Durrell, Lawrence |9 430 | ||
| 245 | |a Cefalu: roman | ||
| 260 | |a París, Francia | ||
| 260 | |b Buchet - Chastel | ||
| 260 | |c 1961 | ||
| 300 | |a 333 páginas | ||
| 650 | |a LITERATURA FRANCESA |9 109 | ||
| 650 | |a NOVELA |9 13 | ||
| 999 | |c 6833 |d 6833 | ||
| 942 | |c 15 D |h 820 D-13ce |2 z | ||
